Pokémon Generations 1-3 - Statistics

General Stats
  • This quiz has been taken 479 times
  • The average score is 256 of 386
Answer Stats
Pokédex Type Pokémon % Correct
#001 Grass/Poison Bulbasaur
96%
#006 Fire/Flying Charizard
95%
#004 Fire Charmander
95%
#002 Grass/Poison Ivysaur
95%
#007 Water Squirtle
95%
#009 Water Blastoise
94%
#012 Bug/Flying Butterfree
94%
#005 Fire Charmeleon
94%
#003 Grass/Poison Venusaur
94%
#015 Bug/Poison Beedrill
93%
#010 Bug Caterpie
93%
#014 Bug/Poison Kakuna
93%
#018 Normal/Flying Pidgeot
93%
#016 Normal/Flying Pidgey
93%
#008 Water Wartortle
93%
#011 Bug Metapod
92%
#017 Normal/Flying Pidgeotto
92%
#025 Electric Pikachu
92%
#013 Bug/Poison Weedle
92%
#026 Electric Raichu
91%
#022 Normal/Flying Fearow
89%
#034 Poison/Ground Nidoking
89%
#031 Poison/Ground Nidoqueen
89%
#021 Normal/Flying Spearow
89%
#024 Poison Arbok
88%
#029 | #032 Poison Nidoran
88%
#020 Normal Raticate
88%
#023 Poison Ekans
87%
#030 Poison Nidorina
87%
#019 Normal Rattata
87%
#173 Fairy Cleffa
86%
#151 Psychic Mew
86%
#033 Poison Nidorino
86%
#059 Fire Arcanine
85%
#036 Fairy Clefable
85%
#035 Fairy Clefairy
85%
#074 Rock/Ground Geodude
85%
#039 Normal/Fairy Jigglypuff
85%
#150 Psychic Mewtwo
85%
#146 Fire/Flying Moltres
85%
#145 Electric/Flying Zapdos
85%
#144 Ice/Flying Articuno
84%
#148 Dragon Dragonair
84%
#149 Dragon/Flying Dragonite
84%
#076 Rock/Ground Golem
84%
#075 Rock/Ground Graveler
84%
#068 Fighting Machamp
84%
#067 Fighting Machoke
84%
#094 Ghost/Poison Gengar
83%
#044 Grass/Poison Gloom
83%
#058 Fire Growlithe
83%
#093 Ghost/Poison Haunter
83%
#066 Fighting Machop
83%
#037 Fire Vulpix
83%
#040 Normal/Fairy Wigglytuff
83%
#041 Poison/Flying Zubat
83%
#063 Psychic Abra
82%
#065 Psychic Alakazam
82%
#050 Ground Diglett
82%
#147 Dragon Dratini
82%
#051 Ground Dugtrio
82%
#133 Normal Eevee
82%
#136 Fire Flareon
82%
#092 Ghost/Poison Gastly
82%
#042 Poison/Flying Golbat
82%
#106 Fighting Hitmonlee
82%
#124 Ice/Psychic Jynx
82%
#064 Psychic Kadabra
82%
#126 Fire Magmar
82%
#038 Fire Ninetales
82%
#043 Grass/Poison Oddish
82%
#095 Rock/Ground Onix
82%
#134 Water Vaporeon
82%
#049 Bug/Poison Venomoth
82%
#135 Electric Jolteon
81%
#081 Electric/Steel Magnemite
81%
#082 Electric/Steel Magneton
81%
#048 Bug/Poison Venonat
81%
#045 Grass/Poison Vileplume
81%
#069 Grass/Poison Bellsprout
80%
#107 Fighting Hitmonchan
80%
#109 Poison Koffing
80%
#123 Bug/Flying Scyther
80%
#125 Electric Electabuzz
79%
#083 Normal/Flying Farfetch'd
79%
#129 Water Magikarp
79%
#054 Water Psyduck
79%
#027 Ground Sandshrew
79%
#028 Ground Sandslash
79%
#143 Normal Snorlax
79%
#071 Grass/Poison Victreebel
79%
#110 Poison Weezing
79%
#101 Electric Electrode
78%
#055 Water Golduck
78%
#077 Fire Ponyta
78%
#078 Fire Rapidash
78%
#096 Psychic Drowzee
77%
#130 Water/Flying Gyarados
77%
#097 Psychic Hypno
77%
#060 Water Poliwag
77%
#086 Water Seel
77%
#121 Water/Psychic Starmie
77%
#120 Water Staryu
77%
#072 Water/Poison Tentacool
77%
#073 Water/Poison Tentacruel
77%
#070 Grass/Poison Weepinbell
77%
#142 Rock/Flying Aerodactyl
76%
#087 Water/Ice Dewgong
76%
#085 Normal/Flying Dodrio
76%
#084 Normal/Flying Doduo
76%
#118 Water Goldeen
76%
#116 Water Horsea
76%
#140 Rock/Water Kabuto
76%
#141 Rock/Water Kabutops
76%
#131 Water/Ice Lapras
76%
#052 Normal Meowth
76%
#122 Psychic/Fairy Mr. Mime
76%
#089 Poison Muk
76%
#138 Rock/Water Omanyte
76%
#139 Rock/Water Omastar
76%
#046 Bug/Grass Paras
76%
#047 Bug/Grass Parasect
76%
#053 Normal Persian
76%
#061 Water Poliwhirl
76%
#062 Water/Fighting Poliwrath
76%
#119 Water Seaking
76%
#100 Electric Voltorb
76%
#088 Poison Grimer
75%
#127 Bug Pinsir
75%
#079 Water/Psychic Slowpoke
75%
#113 Normal Chansey
74%
#056 Fighting Mankey
74%
#137 Normal Porygon
74%
#057 Fighting Primeape
74%
#117 Water Seadra
74%
#080 Water/Psychic Slowbro
74%
#158 Water Totodile
74%
#257 Fire/Fighting Blaziken
73%
#152 Grass Chikorita
73%
#091 Water/Ice Cloyster
73%
#169 Poison/Flying Crobat
73%
#155 Fire Cyndaquil
73%
#250 Fire/Flying Ho-oh
73%
#258 Water Mudkip
73%
#172 Electric Pichu
73%
#112 Ground/Rock Rhydon
73%
#111 Ground/Rock Rhyhorn
73%
#208 Steel/Ground Steelix
73%
#128 Normal Tauros
73%
#255 Fire Torchic
73%
#153 Grass Bayleef
72%
#160 Water Feraligatr
72%
#249 Psychic/Flying Lugia
72%
#114 Grass Tangela
72%
#103 Grass/Psychic Exeggutor
71%
#154 Grass Meganium
71%
#256 Fire/Fighting Combusken
70%
#115 Normal Kangaskhan
70%
#384 Dragon/Flying Rayquaza
70%
#090 Water Shellder
70%
#252 Grass Treecko
70%
#157 Fire Typhlosion
70%
#251 Psychic/Grass Celebi
69%
#244 Fire Entei
69%
#196 Psychic Espeon
69%
#102 Grass/Psychic Exeggcute
69%
#383 Ground Groudon
69%
#253 Grass Grovyle
69%
#382 Water Kyogre
69%
#262 Dark Mightyena
69%
#261 Dark Poochyena
69%
#156 Fire Quilava
69%
#254 Grass Sceptile
69%
#245 Water Suicune
69%
#260 Water/Ground Swampert
69%
#197 Dark Umbreon
69%
#104 Ground Cubone
68%
#162 Normal Furret
68%
#159 Water Croconaw
67%
#239 Electric Elekid
67%
#230 Water/Dragon Kingdra
67%
#105 Ground Marowak
67%
#132 Normal Ditto
66%
#237 Fighting Hitmontop
66%
#174 Normal/Fairy Igglybuff
66%
#246 Rock/Ground Larvitar
66%
#272 Water/Grass Ludicolo
66%
#240 Fire Magby
66%
#179 Electric Mareep
66%
#263 Normal Zigzagoon
66%
#214 Bug/Fighting Heracross
65%
#171 Water/Electric Lanturn
65%
#164 Normal/Flying Noctowl
65%
#243 Electric Raikou
65%
#378 Ice Regice
65%
#377 Rock Regirock
65%
#379 Steel Registeel
65%
#161 Normal Sentret
65%
#248 Rock/Dark Tyranitar
65%
#181 Electric Ampharos
64%
#267 Bug/Flying Beautifly
64%
#386 Psychic Deoxys
64%
#163 Normal/Flying Hoothoot
64%
#259 Water/Ground Marshtomp
64%
#247 Rock/Ground Pupitar
64%
#212 Bug/Steel Scizor
64%
#266 Bug Silcoon
64%
#199 Water/Psychic Slowking
64%
#265 Bug Wurmple
64%
#168 Bug/Poison Ariados
63%
#304 Steel/Rock Aron
63%
#268 Bug Cascoon
63%
#269 Bug/Poison Dustox
63%
#180 Electric Flaaffy
63%
#099 Water Kingler
63%
#227 Steel/Flying Skarmory
63%
#167 Bug/Poison Spinarak
63%
#385 Steel/Psychic Jirachi
62%
#098 Water Krabby
62%
#373 Dragon/Flying Salamence
62%
#170 Water/Electric Chinchou
61%
#282 Psychic/Fairy Gardevoir
61%
#229 Dark/Fire Houndoom
61%
#228 Dark/Fire Houndour
61%
#165 Bug/Flying Ledyba
61%
#264 Normal Linoone
61%
#271 Water/Grass Lombre
61%
#270 Water/Grass Lotad
61%
#200 Ghost Misdreavus
61%
#177 Psychic/Flying Natu
61%
#279 Water/Flying Pelipper
61%
#218 Fire Slugma
61%
#238 Ice/Psychic Smoochum
61%
#277 Normal/Flying Swellow
61%
#175 Fairy Togepi
61%
#178 Psychic/Flying Xatu
61%
#306 Steel/Rock Aggron
60%
#184 Water/Fairy Azumarill
60%
#371 Dragon Bagon
60%
#182 Grass Bellossom
60%
#330 Ground/Dragon Flygon
60%
#281 Psychic/Fairy Kirlia
60%
#166 Bug/Flying Ledian
60%
#108 Normal Lickitung
60%
#219 Fire/Rock Magcargo
60%
#183 Water/Fairy Marill
60%
#376 Steel/Psychic Metagross
60%
#280 Psychic/Fairy Ralts
60%
#273 Grass Seedot
60%
#275 Grass/Dark Shiftry
60%
#276 Normal/Flying Taillow
60%
#176 Fairy/Flying Togetic
60%
#236 Fighting Tyrogue
60%
#274 Grass/Dark Nuzleaf
59%
#338 Rock/Psychic Solrock
59%
#189 Grass/Flying Jumpluff
58%
#375 Steel/Psychic Metang
58%
#291 Bug/Flying Ninjask
58%
#204 Bug Pineco
58%
#186 Water Politoed
58%
#374 Steel/Psychic Beldum
57%
#242 Normal Blissey
57%
#309 Electric Electrike
57%
#187 Grass/Flying Hoppip
57%
#305 Steel/Rock Lairon
57%
#310 Electric Manectric
57%
#312 Electric Minun
57%
#188 Grass/Flying Skiploom
57%
#278 Water/Flying Wingull
57%
#205 Bug/Steel Forretress
56%
#380 Dragon/Psychic Latias
56%
#381 Dragon/Psychic Latios
56%
#294 Normal Loudred
56%
#337 Rock/Psychic Lunatone
56%
#198 Dark/Flying Murkrow
56%
#311 Electric Plusle
56%
#195 Water/Ground Quagsire
56%
#372 Dragon Shelgon
56%
#215 Dark/Ice Sneasel
56%
#363 Ice/Water Spheal
56%
#328 Ground Trapinch
56%
#321 Water Wailord
56%
#194 Water/Ground Wooper
56%
#356 Ghost Dusclops
55%
#203 Normal/Psychic Girafarig
55%
#297 Fighting Hariyama
55%
#364 Ice/Water Sealeo
55%
#289 Normal Slaking
55%
#323 Fire/Ground Camerupt
54%
#308 Fighting/Psychic Medicham
54%
#307 Fighting/Psychic Meditite
54%
#322 Fire/Ground Numel
54%
#221 Ice/Ground Piloswine
54%
#292 Bug/Ghost Shedinja
54%
#357 Grass/Flying Tropius
54%
#320 Water Wailmer
54%
#354 Ghost Banette
53%
#355 Ghost Duskull
53%
#295 Normal Exploud
53%
#362 Ice Glalie
53%
#207 Ground/Flying Gligar
53%
#241 Normal Miltank
53%
#290 Bug/Ground Nincada
53%
#233 Normal Porygon2
53%
#302 Dark/Ghost Sableye
53%
#285 Grass Shroomish
53%
#213 Bug/Rock Shuckle
53%
#287 Normal Slakoth
53%
#361 Ice Snorunt
53%
#283 Bug/Water Surskit
53%
#220 Ice/Ground Swinub
53%
#365 Ice/Water Walrein
53%
#293 Normal Whismur
53%
#193 Bug/Flying Yanma
53%
#296 Fighting Makuhita
52%
#350 Water Milotic
52%
#329 Ground/Dragon Vibrava
52%
#334 Dragon/Flying Altaria
51%
#348 Rock/Bug Armaldo
51%
#286 Grass/Fighting Breloom
51%
#225 Ice/Flying Delibird
51%
#232 Ground Donphan
51%
#206 Normal Dunsparce
51%
#349 Water Feebas
51%
#303 Steel/Fairy Mawile
51%
#353 Ghost Shuppet
51%
#288 Normal Vigoroth
51%
#202 Psychic Wobbuffet
51%
#359 Dark Absol
50%
#347 Rock/Bug Anorith
50%
#345 Rock/Grass Lileep
50%
#284 Bug/Flying Masquerain
50%
#231 Ground Phanpy
50%
#333 Normal/Flying Swablu
50%
#324 Fire Torkoal
50%
#226 Water/Flying Mantine
49%
#319 Water/Dark Sharpedo
49%
#185 Rock Sudowoodo
49%
#192 Grass Sunflora
49%
#191 Grass Sunkern
49%
#318 Water/Dark Carvanha
48%
#346 Rock/Grass Cradily
48%
#299 Rock Nosepass
48%
#201 Psychic Unown
48%
#222 Water/Rock Corsola
47%
#224 Water Octillery
47%
#223 Water Remoraid
47%
#336 Poison Seviper
47%
#339 Water/Ground Barboach
46%
#210 Fairy Granbull
46%
#369 Water/Rock Relicanth
46%
#335 Normal Zangoose
46%
#211 Water/Poison Qwilfish
45%
#209 Fairy Snubbull
45%
#217 Normal Ursaring
45%
#190 Normal Aipom
44%
#332 Grass/Dark Cacturne
44%
#366 Water Clamperl
44%
#344 Ground/Psychic Claydol
44%
#368 Water Gorebyss
44%
#216 Normal Teddiursa
44%
#340 Water/Ground Whiscash
44%
#298 Normal/Fairy Azurill
43%
#367 Water Huntail
43%
#327 Normal Spinda
43%
#343 Ground/Psychic Baltoy
41%
#331 Grass Cacnea
41%
#316 Poison Gulpin
41%
#315 Grass/Poison Roselia
41%
#235 Normal Smeargle
41%
#341 Water Corphish
40%
#370 Water Luvdisc
40%
#300 Normal Skitty
40%
#317 Poison Swalot
40%
#313 Bug Volbeat
40%
#301 Normal Delcatty
39%
#314 Bug Illumise
39%
#358 Psychic Chimecho
38%
#342 Water/Dark Crawdaunt
38%
#325 Psychic Spoink
37%
#234 Normal Stantler
37%
#360 Psychic Wynaut
37%
#351 Normal Castform
35%
#326 Psychic Grumpig
35%
#352 Normal Kecleon
34%
No matching quizzes found
Score Distribution
Percent of People with Each Score
Percentile by Number Answered
Your Score History
You have not taken this quiz